000 00811cam a2200253 a 4500
001 4945934
005 20180227071233.0
008 960812s1997 mau b 001 0 eng
010 _a 96041302
020 _a0631151214
020 _a0631151222 (pbk.)
040 _aDLC
_cDLC
_dDLC
041 _aeng
080 _a306.44089 WIL
082 0 0 _a306.44089 WIL
_220
100 1 _a23
101 _aant
245 1 0 _aAnthropological linguistics :
_cWilliam A. Foley.
504 _aIncludes bibliographical references (p. [435]-468) and index.
906 _a7
_bcbc
_corignew
_d1
_eocip
_f19
_gy-gencatlg
942 _2ddc
_cBK
999 _c43595
_d43595